Sports Quiz

Random Sports or WWE Quiz

WWE Longest PPV Matches 2013 Quiz Stats

 Plays Quiz not verified by Sporcle

Score 0/40 Timer 08:00
0 Plays Today
Event Superstar % Correct
WrestleMania 29John Cena
99.4%
Extreme RulesJohn Cena
99.4%
PaybackJohn Cena
99.4%
SummerSlamJohn Cena
99.4%
Tables, Ladders and ChairsJohn Cena
99.4%
Elimination ChamberRandy Orton
98.1%
Money in the BankRandy Orton
98.1%
Night of ChampionsRandy Orton
98.1%
BattlegroundRandy Orton
98.1%
Hell in a CellRandy Orton
98.1%
Tables, Ladders and ChairsRandy Orton
98.1%
Royal RumbleCM Punk
97.7%
Money in the BankCM Punk
97.7%
Royal RumbleThe Rock
96.4%
Elimination ChamberDaniel Bryan
96.4%
WrestleMania 29The Rock
96.4%
Money in the BankDaniel Bryan
96.4%
SummerSlamDaniel Bryan
96.4%
Night of ChampionsDaniel Bryan
96.4%
BattlegroundDaniel Bryan
96.4%
Event Superstar % Correct
Hell in a CellDaniel Bryan
96.4%
Survivor SeriesSeth Rollins
90.6%
Survivor SeriesDean Ambrose
90.4%
Survivor SeriesRoman Reigns
90.2%
Elimination ChamberKane
89.3%
Extreme RulesRyback
88.1%
PaybackRyback
88.1%
Survivor SeriesJey Uso
84.9%
Survivor SeriesJimmy Uso
84.9%
Elimination ChamberJack Swagger
84%
Survivor SeriesJack Swagger
84%
Survivor SeriesAntonio Cesaro
83.2%
Money in the BankSheamus
82.9%
Survivor SeriesCody Rhodes
80.2%
Survivor SeriesGoldust
80.2%
Money in the BankChristian
76.3%
Survivor SeriesRey Mysterio
75.3%
Elimination ChamberMark Henry
75.1%
Elimination ChamberChris Jericho
71.9%
Money in the BankRob Van Dam
69.3%

You're not logged in!

Compare scores with friends on all Sporcle quizzes.
OR
Log In

Sporcle TV

Today on Sporcle TV


Watch our educational content, quiz creation guides, and fun videos on Sporcle TV.

Show Comments

Extras

Top Quizzes Today


Score Distribution

Your Account Isn't Verified!

In order to create a playlist on Sporcle, you need to verify the email address you used during registration. Go to your Sporcle Settings to finish the process.

Report this User

Report this user for behavior that violates our Community Guidelines.

Details: